00923 a2200205 4500003000500000005001700005040000900022082001600031100004000047245015700087260003300244300001100277505018300288650002300471651001900494700004500513942001200558999001900570952012800589NUST20251111185246.0 cNust a621.382,GHA aGafoor, NC Fasisal (TCC-10)9131818 aImplementation of convolutional encoding and Viterbi decoding /cNC Fasisal Gafoor, NC Yasir Faiz, NC Asif Javaid, PC Zeeshan Razzaq and GC Usman Safdar bRawalpindicMCS (NUST)a2002 a93 p.; aDigital Communication and Coding Theory (Page-1), Convolutional Encoding and Decoding technique (Page-17), Software Description (Page-73), Analysis and Recommendations (Page-90). aUG Projects998716 aTCC-109131808 aSupervised by Dr.M. Nauman Jafri9131819 cPR2ddc c188624d188624 00102ddc4070aMCSbMCScREFd2016-12-12o621.382,GHApMCSPTC-37r2016-12-08w2016-12-12yPRzAlmirah No. 94, Shelf No. 1